| Tag |
First Indicator |
Second Indicator |
Subfields |
| LEADER |
00000cam a2200000Ii 4500 |
| 001 |
in00003919607 |
| 005 |
20171127154943.0 |
| 008 |
950130s1918 txu s000 0 eng d |
| 035 |
|
|
|a (OCoLC)ocm71068629
|
| 040 |
|
|
|a AGL
|b eng
|e rda
|c AGL
|d OCLCQ
|d OCLCO
|d IKM
|d OCLCO
|d TXA
|
| 016 |
7 |
|
|a CAT10898377
|2 DNAL
|
| 035 |
|
|
|a (OCoLC)71068629
|
| 043 |
|
|
|a n-us-tx
|
| 050 |
|
4 |
|a SD536.6.U6
|b F67 1918
|
| 070 |
0 |
|
|a 99.77
|b T31
|
| 072 |
|
0 |
|a P120
|
| 072 |
|
0 |
|a K510
|
| 049 |
|
|
|a TXAM
|
| 100 |
1 |
|
|a Foster, John H.
|q (John Harold),
|d 1880-1956,
|e author.
|
| 245 |
1 |
0 |
|a Wood as emergency fuel /
|c J.H. Foster and F.H. Millen.
|
| 264 |
|
1 |
|a College Station, Tex. :
|b Agricultural and Mechanical College, Department of Forestry,
|c [1918]
|
| 300 |
|
|
|a 4 unnumbered pages ;
|c 23 cm
|
| 336 |
|
|
|a text
|b txt
|2 rdacontent
|
| 337 |
|
|
|a unmediated
|b n
|2 rdamedia
|
| 338 |
|
|
|a volume
|b nc
|2 rdacarrier
|
| 490 |
1 |
|
|a Bulletin of the Agricultural and Mechanical College of Texas ;
|v 3rd ser., vol. 4, no. 2
|
| 530 |
|
|
|a Also available on microfilm.
|
| 650 |
|
0 |
|a Fuelwood
|z United States.
|
| 650 |
|
0 |
|a Fuelwood industry
|z United States.
|
| 700 |
1 |
|
|a Millen, F. H.
|q (Frederic Hartwell),
|e author.
|
| 710 |
2 |
|
|a Agricultural and Mechanical College of Texas.
|b Department of Forestry,
|e issuing body.
|
| 776 |
0 |
8 |
|i Microfilm version:
|a Foster, John H. (John Harold), 1880-1956.
|t Wood as emergency fuel.
|d College Station, Tex. : Agricultural and Mechanical College, Department of Forestry, [1918]
|w (OCoLC)857234714
|
| 830 |
|
0 |
|a Bulletin of the Agricultural and Mechanical College of Texas ;
|v 3rd ser., vol. 4, no. 2.
|
| 948 |
|
|
|a cataloged
|b h
|c 2017/11/27
|d c
|e zdobbs
|f 3:49:05 pm
|
| 994 |
|
|
|a C0
|b TXA
|
| 999 |
f |
f |
|s 93afb371-f79b-3f97-b5ba-e5d0e1aaaaf8
|i d7e2a5ce-eb00-3ef8-b213-58449cd0c284
|t 0
|
| 952 |
f |
f |
|p noncirc
|a Texas A&M University
|b College Station
|c Cushing Memorial Library & Archives
|d Cushing: Texas A&M (Does not check out)
|t 0
|e SD536.6.U6 F67 1918
|h Library of Congress classification
|i unmediated -- volume
|
| 952 |
f |
f |
|p noncirc
|a Texas A&M University
|b College Station
|c Cushing Memorial Library & Archives
|d Cushing: Texas A&M Publications (Remote Storage: 2-3 day retrieval)
|t 0
|e SD536.6.U6 F67 1918
|h Library of Congress classification
|i unmediated -- volume
|
| 998 |
f |
f |
|a SD536.6.U6 F67 1918
|t 0
|l Cushing: Texas A&M (Does not check out)
|
| 998 |
f |
f |
|a SD536.6.U6 F67 1918
|t 0
|l Cushing: Texas A&M Publications (Remote Storage: 2-3 day retrieval)
|